Countries of the World on a Map - Statistics

General Stats
  • This quiz has been taken 13 times
  • The average score is 121 of 196
Answers on the Map
Answers color-coded by a green-red scale on the quiz's map according to % correct below.
 
Answer Stats
Answer % Correct
Chile
100%
China
100%
Algeria
86%
Argentina
86%
Australia
86%
Austria
86%
Azerbaijan
86%
Bangladesh
86%
Belarus
86%
Belgium
86%
Bolivia
86%
Brazil
86%
Cambodia
86%
Canada
86%
Denmark
86%
New Zealand
86%
Russia
86%
Afghanistan
71%
Albania
71%
Angola
71%
Bahamas
71%
Bhutan
71%
Bosnia and Herzegovina
71%
Bulgaria
71%
Burkina Faso
71%
Cape Verde
71%
Central African Republic
71%
Chad
71%
Colombia
71%
Croatia
71%
Cuba
71%
Cyprus
71%
Czech Republic
71%
Democratic Republic of the Congo
71%
Djibouti
71%
East Timor
71%
Ecuador
71%
Egypt
71%
Eritrea
71%
Estonia
71%
Ethiopia
71%
Finland
71%
France
71%
Germany
71%
Greece
71%
Hungary
71%
Iceland
71%
India
71%
Indonesia
71%
Iran
71%
Iraq
71%
Ireland
71%
Italy
71%
Jamaica
71%
Japan
71%
Kenya
71%
Kyrgyzstan
71%
Laos
71%
Latvia
71%
Libya
71%
Lithuania
71%
Luxembourg
71%
Madagascar
71%
Malawi
71%
Malaysia
71%
Maldives
71%
Mali
71%
Malta
71%
Mauritania
71%
Mexico
71%
Mongolia
71%
Montenegro
71%
Morocco
71%
Mozambique
71%
Namibia
71%
Nepal
71%
Netherlands
71%
Nicaragua
71%
Nigeria
71%
North Korea
71%
Norway
71%
Pakistan
71%
Panama
71%
Papua New Guinea
71%
Peru
71%
Philippines
71%
Poland
71%
Portugal
71%
Romania
71%
Saudi Arabia
71%
Somalia
71%
South Africa
71%
South Korea
71%
South Sudan
71%
Spain
71%
Sri Lanka
71%
Sudan
71%
Sweden
71%
Switzerland
71%
Syria
71%
Taiwan
71%
Tajikistan
71%
Tunisia
71%
Turkey
71%
Turkmenistan
71%
Ukraine
71%
United Arab Emirates
71%
United Kingdom
71%
United States
71%
Venezuela
71%
Vietnam
71%
Yemen
71%
Andorra
57%
Armenia
57%
Botswana
57%
Cameroon
57%
Costa Rica
57%
Equatorial Guinea
57%
Eswatini
57%
Gabon
57%
Gambia
57%
Georgia
57%
Guatemala
57%
Guyana
57%
Haiti
57%
Israel
57%
Jordan
57%
Kiribati
57%
Kosovo
57%
Lebanon
57%
Lesotho
57%
Liberia
57%
Mauritius
57%
Moldova
57%
Myanmar
57%
Niger
57%
North Macedonia
57%
Oman
57%
Paraguay
57%
Republic of the Congo
57%
Rwanda
57%
Sao Tome and Principe
57%
Serbia
57%
Seychelles
57%
Slovakia
57%
Slovenia
57%
Suriname
57%
Tanzania
57%
Thailand
57%
Uganda
57%
Uruguay
57%
Uzbekistan
57%
Antigua and Barbuda
43%
Belize
43%
Benin
43%
Burundi
43%
Comoros
43%
Dominican Republic
43%
El Salvador
43%
Federated States of Micronesia
43%
Fiji
43%
Ghana
43%
Guinea
43%
Guinea-Bissau
43%
Honduras
43%
Ivory Coast
43%
Kuwait
43%
Marshall Islands
43%
Nauru
43%
Palau
43%
Qatar
43%
Samoa
43%
Senegal
43%
Sierra Leone
43%
Togo
43%
Tonga
43%
Trinidad and Tobago
43%
Tuvalu
43%
Vanuatu
43%
Zambia
43%
Zimbabwe
43%
Bahrain
29%
Barbados
29%
Brunei
29%
Liechtenstein
29%
Monaco
29%
San Marino
29%
Singapore
29%
Solomon Islands
29%
Vatican City
29%
Dominica
14%
Grenada
14%
Saint Vincent and the Grenadines
14%
Kazakhstan
0%
Saint Kitts and Nevis
0%
Saint Lucia
0%
No matching quizzes found
Score Distribution
Percent of People with Each Score
Percentile by Number Answered
Your Score History
You have not taken this quiz